Ireland special (Record no. 77670)

MARC details
000 -LEADER
fixed length control field 01125cab a2200229 4500
001 - CONTROL NUMBER
control field ##L134833
008 - FIXED-LENGTH DATA ELEMENTS--GENERAL INFORMATION
fixed length control field 060905n2006 000 0 eng u
035 ## - SYSTEM CONTROL NUMBER
System control number (Sirsi) u134833
041 0# - LANGUAGE CODE
Language code of text/sound track or separate title eng
100 1# - MAIN ENTRY--PERSONAL NAME
Personal name Leftly, Mark
245 00 - TITLE STATEMENT
Title Ireland special
260 ## - PUBLICATION, DISTRIBUTION, ETC.
Date of publication, distribution, etc. 2006
490 #0 - SERIES STATEMENT
Series statement Building
Volume/sequential designation 271(8445) 1 September 2006, 16-53(13)
520 ## - SUMMARY, ETC.
Summary, etc. Series of articles on Ireland's construction market. "Objective England" shows how Irish contractors have outgrown their own economy and are looking to the UK for projects. "All together now" looks at Penoyre and Prasad's Holywood Arches primary health care centre in Belfast. "Dr Feelgood" focuses on healthcare development and design in Northern Ireland. "The accidental Dubliner" charts Simon Kaye's transfer to the Dublin EC Harris office and reports on the latest employment trends in Dublin. Includes key data such as Ireland's construction output.
590 ## - LOCAL NOTE (RLIN)
Local note IKA190906
651 #4 - SUBJECT ADDED ENTRY--GEOGRAPHIC NAME
Geographic name IRELAND
651 #4 - SUBJECT ADDED ENTRY--GEOGRAPHIC NAME
Geographic name NORTHERN IRELAND
651 #4 - SUBJECT ADDED ENTRY--GEOGRAPHIC NAME
Geographic name Ireland (Republic of)
Chronological subdivision
690 ## - LOCAL SUBJECT ADDED ENTRY--TOPICAL TERM (OCLC, RLIN)
Topical term or geographic name as entry element BUILT ENVIRONMENT-CONSTRUCTION MARKET
700 1# - ADDED ENTRY--PERSONAL NAME
Personal name Spring, Martin
942 ## - ADDED ENTRY ELEMENTS (KOHA)
Suppress in OPAC 0
Holdings
Withdrawn status Lost status Source of classification or shelving scheme Damaged status Not for loan Home library Current library Shelving location Date acquired Total Checkouts Full call number Barcode Date last seen Copy number Price effective from Koha item type
    Dewey Decimal Classification     London London Journal article 05/09/2006   L134833 134833-1001 06/08/2019 1 06/08/2019 Journal article